[Event "Tournament: Paignton Open"]
[Site "?"]
[Date "1973.09.05"]
[Round "?"]
[White "Doyle, J."]
[Black "Stebbings, A."]
[Result "1-0"]
[WhiteElo "1976"]
[BlackElo "2184"]
[PlyCount "79"]
[EventDate "1973.??.??"]

1. e4 c5 2. Nf3 e6 3. d4 cxd4 4. Nxd4 a6 5. Bd3 Nc6 6. Nxc6 dxc6 7. O-O e5 8.
Qh5 Bd6 9. Bc4 Qe7 10. Bg5 Nf6 11. Qh4 Be6 12. Nd2 h6 13. Rad1 O-O-O 14. Be3 g5
15. Qg3 Nh5 16. Qf3 g4 17. Qe2 Nf4 18. Qe1 h5 19. Bb6 Rdg8 20. Qe3 h4 21. Qb3
g3 22. Bxe6+ fxe6 23. Nc4 Bc7 24. Bxc7 Kxc7 25. Qb6+ Kc8 26. Qa7 h3 27. fxg3
hxg2 28. Rxf4 exf4 29. Nd6+ Qxd6 30. Rxd6 f3 31. Rxe6 Rxh2 32. Qa8+ Kc7 33.
Re7+ Kd6 34. Re6+ Kc7 35. Re7+ Kd6 36. Rd7+ Ke5 37. Re7+ Kd6 38. e5+ Kxe7 39.
Qxb7+ Ke6 40. Qxc6+ 1-0

[Event "Tournament: Paignton Open"]
[Site "?"]
[Date "1973.09.06"]
[Round "?"]
[White "Stebbings, A."]
[Black "Dean, P."]
[Result "1/2-1/2"]
[WhiteElo "2184"]
[BlackElo "2016"]
[PlyCount "121"]
[EventDate "1973.??.??"]

1. e4 e5 2. Nf3 Nf6 3. Nc3 Nc6 4. d4 exd4 5. Nd5 Be7 6. Nxd4 Nxd5 7. exd5 Nxd4
8. Qxd4 O-O 9. Be2 Bf6 10. Qb4 d6 11. O-O a5 12. Qb3 a4 13. Qa3 Bf5 14. c3 Be4
15. Rd1 Qd7 16. Qb4 Qe7 17. Be3 Be5 18. g3 Bf6 19. Rd2 b6 20. a3 Bg5 21. Bxg5
Qxg5 22. Rad1 Rfe8 23. f4 Qf5 24. Bb5 Re7 25. Bxa4 Qh5 26. Rf1 Bxd5 27. Qb5 Ra5
28. Qd3 Be4 29. Qd4 Bb7 30. Bd1 Qf5 31. Bf3 Bxf3 32. Rxf3 Re4 33. Qd3 Qe6 34.
Kf2 Rh5 35. Kg2 Re1 36. Rf1 Qh3+ 37. Kg1 Re6 38. Re2 Rhh6 39. Rfe1 Qh5 40. Kf1
g5 41. fxg5 Qxg5 42. Qc4 Qf5+ 43. Kg1 Qh5 44. a4 d5 45. Qd3 Re4 46. b4 Rhe6 47.
Rxe4 Rxe4 48. Rxe4 dxe4 49. Qxe4 Qd1+ 50. Kg2 Qxa4 51. Qg4+ Kf8 52. Qc8+ Kg7
53. Qxc7 Qc2+ 54. Kf3 Qxh2 55. Qxb6 Qh1+ 56. Kf4 Qf1+ 57. Ke4 Qg2+ 58. Kd3
Qxg3+ 59. Kc4 h5 60. Qd4+ Kg8 61. b5 1/2-1/2

[Event "Tournament: Paignton Open"]
[Site "?"]
[Date "1973.09.07"]
[Round "?"]
[White "Hempson, P."]
[Black "Stebbings, A."]
[Result "0-1"]
[WhiteElo "2168"]
[BlackElo "2184"]
[PlyCount "126"]
[EventDate "1973.??.??"]

1. d4 Nf6 2. c4 g6 3. Nc3 d5 4. Qb3 dxc4 5. Qxc4 Be6 6. Qd3 c5 7. Qb5+ Nc6 8.
dxc5 a6 9. Qa4 Bg7 10. e4 Nd7 11. Be3 Qa5 12. Qxa5 Nxa5 13. Rc1 O-O 14. b3 Rfc8
15. Nd5 Bxd5 16. exd5 Bb2 17. Rc2 Ba3 18. f3 Nxc5 19. Bd2 Ncxb3 20. Rxc8+ Rxc8
21. axb3 Nxb3 22. Bd3 Nxd2 23. Kxd2 Rc1 24. Bc2 Ra1 25. Bd1 Ra2+ 26. Kd3 Rxg2
27. Ne2 Bd6 28. h3 Kg7 29. Nd4 Kf6 30. Be2 Rg5 31. f4 Bxf4 32. Rf1 Rg3+ 33. Ke4
g5 34. Rf3 Rxf3 35. Bxf3 Bd6 36. Bg4 b6 37. Bc8 a5 38. Bd7 h5 39. Nf5 Bh2 40.
Ne3 Bg1 41. Nc4 Bc5 42. Kf3 e6 43. dxe6 fxe6 44. Ke4 Bf2 45. Kf3 Bd4 46. Ke4 e5
47. Kd5 Ke7 48. Bc6 g4 49. hxg4 hxg4 50. Nd6 Kf6 51. Ke4 Ke6 52. Nf5 Bf2 53.
Bb5 g3 54. Nh4 Kd6 55. Be8 Kc5 56. Kd3 b5 57. Bg6 a4 58. Be4 b4 59. Bg2 b3 60.
Nf3 e4+ 61. Kxe4 a3 62. Kd3 a2 63. Nd2 b2 0-1

[Event "Tournament: Paignton Open"]
[Site "?"]
[Date "1973.09.08"]
[Round "?"]
[White "Stebbings, A."]
[Black "LeFevre, A."]
[Result "0-1"]
[WhiteElo "2184"]
[BlackElo "1872"]
[PlyCount "62"]
[EventDate "1973.??.??"]

1. d4 Nf6 2. c4 g6 3. Nc3 d5 4. Bf4 Bg7 5. Qa4+ c6 6. Bxb8 Rxb8 7. Qxa7 Be6 8.
c5 Ne4 9. e3 b6 10. cxb6 Rxb6 11. Na4 Rb8 12. b3 O-O 13. f3 c5 14. fxe4 cxd4
15. exd4 dxe4 16. Rd1 Bd5 17. Ne2 e6 18. Nac3 Qf6 19. Nxd5 exd5 20. Qc7 Rbc8
21. Qf4 Qb6 22. Qe3 Rc2 23. a4 Rfc8 24. h4 Qb4+ 25. Kf2 R8c3 26. Qg5 Bxd4+ 27.
Rxd4 Qxd4+ 28. Ke1 Re3 29. g3 Qd2+ 30. Kf2 Rxe2+ 31. Kg1 Qd4+ 0-1

[Event "Tournament: Bloomsbury Open"]
[Site "?"]
[Date "1973.09.14"]
[Round "?"]
[White "Stebbings, A."]
[Black "Homolka, V."]
[Result "0-1"]
[WhiteElo "2184"]
[BlackElo "2024"]
[PlyCount "76"]
[EventDate "1973.??.??"]

1. e4 e5 2. Nf3 Nc6 3. Bc4 Bc5 4. b4 Bxb4 5. c3 Be7 6. d4 exd4 7. Qb3 Na5 8.
Bxf7+ Kf8 9. Qd5 c6 10. Qf5 Nf6 11. e5 Kxf7 12. Ng5+ Kg8 13. exf6 Bxf6 14. O-O
d6 15. Ne6 Qe7 16. Re1 Nc4 17. cxd4 Bxd4 18. Bg5 Bxe6 19. Rxe6 Qf7 20. Qxf7+
Kxf7 21. Re7+ Kg6 22. Nc3 Bxc3 23. Rc1 Kxg5 24. Rxc3 Rhe8 25. f4+ Kf6 26. Rxe8
Rxe8 27. Rxc4 Re2 28. Rb4 b5 29. a4 a6 30. axb5 axb5 31. g3 d5 32. h3 Re4 33.
Rb2 b4 34. Kf2 c5 35. Kf3 Re7 36. g4 d4 37. Rc2 Re3+ 38. Kg2 Rc3 0-1

[Event "Tournament: Bloomsbury Open"]
[Site "?"]
[Date "1973.09.15"]
[Round "?"]
[White "Jones, M."]
[Black "Stebbings, A."]
[Result "0-1"]
[WhiteElo "1880"]
[BlackElo "2184"]
[PlyCount "56"]
[EventDate "1973.??.??"]

1. e4 c5 2. Nf3 e6 3. d4 cxd4 4. Nxd4 a6 5. Nc3 Nc6 6. g3 Nxd4 7. Qxd4 Ne7 8.
Bg2 Nc6 9. Qd1 Qc7 10. O-O Be7 11. Re1 O-O 12. Kh1 d6 13. f4 b5 14. Qe2 Bf6 15.
e5 dxe5 16. fxe5 Bxe5 17. Nxb5 axb5 18. Qxb5 Bb7 19. Rxe5 Ra5 20. Qxb7 Qxb7 21.
Rxa5 Qb4 22. Bxc6 Qxa5 23. c3 Qb6 24. Be4 f5 25. Bg2 Rd8 26. h4 Rd1+ 27. Kh2
Qg1+ 28. Kh3 Rxc1 0-1

[Event "Tournament: Bloomsbury Open"]
[Site "?"]
[Date "1973.09.15"]
[Round "?"]
[White "Stebbings, A."]
[Black "Ingram, F."]
[Result "1/2-1/2"]
[WhiteElo "2184"]
[BlackElo "1976"]
[PlyCount "91"]
[EventDate "1973.??.??"]

1. e4 c5 2. Nf3 Nc6 3. d4 cxd4 4. Nxd4 g6 5. Nc3 Bg7 6. Be3 Nf6 7. Nb3 O-O 8.
f4 d6 9. Be2 Be6 10. g4 Na5 11. g5 Nd7 12. Bd4 Rc8 13. Bxg7 Kxg7 14. Qd2 a6 15.
O-O-O b5 16. h4 Nxb3+ 17. axb3 Qa5 18. Kb1 Rc7 19. h5 Rfc8 20. Rc1 Rxc3 21.
bxc3 Qxc3 22. Qxc3+ Rxc3 23. h6+ Kf8 24. Bd3 Nc5 25. Rhd1 Bg4 26. Rd2 Bc8 27.
Kb2 b4 28. Ra1 Bb7 29. f5 Nxe4 30. fxg6 fxg6 31. Bxe4 Bxe4 32. Rxa6 Rg3 33.
Rf2+ Bf5 34. Ra8+ Kf7 35. Rh8 Rxg5 36. Rxh7+ Kf8 37. Rh8+ Kf7 38. Rh2 Rh5 39.
Rxh5 gxh5 40. h7 Kg7 41. Re8 Kxh7 42. Rxe7+ Kg6 43. Rb7 h4 44. Rxb4 h3 45. Rh4
Kg5 46. Rh8 1/2-1/2

[Event "Tournament: Bloomsbury Open"]
[Site "?"]
[Date "1973.09.16"]
[Round "?"]
[White "VanKemenade, R."]
[Black "Stebbings, A."]
[Result "1/2-1/2"]
[WhiteElo "1840"]
[BlackElo "2184"]
[PlyCount "79"]
[EventDate "1973.??.??"]

1. e4 c5 2. Nf3 e6 3. d4 cxd4 4. Nxd4 a6 5. Bd3 Bc5 6. Nb3 Ba7 7. O-O Nc6 8.
Qe2 d6 9. a4 Nge7 10. a5 O-O 11. Be3 Bxe3 12. Qxe3 e5 13. c4 Ng6 14. Rd1 Nf4
15. Bf1 Ne6 16. Nc3 Ned4 17. Nxd4 exd4 18. Rxd4 Nxd4 19. Qxd4 Be6 20. b4 Qc7
21. Na4 Rad8 22. Nb6 f5 23. Ra3 fxe4 24. Qxe4 Rfe8 25. Bd3 g6 26. Nd5 Qf7 27.
Ne3 d5 28. cxd5 Bxd5 29. Qh4 Rc8 30. Ra1 Be6 31. b5 Qd7 32. Rd1 Bb3 33. Bc4+
Rxc4 34. Qxc4+ Bxc4 35. Rxd7 axb5 36. Rxb7 Ra8 37. Nxc4 bxc4 38. Rb5 Rc8 39.
Kf1 c3 40. Rb1 1/2-1/2

[Event "Tournament: Bloomsbury Open"]
[Site "?"]
[Date "1973.09.16"]
[Round "?"]
[White "Stebbings, A."]
[Black "Abayasekera, G."]
[Result "1-0"]
[WhiteElo "2184"]
[BlackElo "1944"]
[PlyCount "97"]
[EventDate "1973.??.??"]

1. e4 c5 2. Nf3 e6 3. d4 cxd4 4. Nxd4 a6 5. Nc3 Qc7 6. Be3 b5 7. Bd3 Nc6 8. Nb3
Nf6 9. f4 Bb4 10. O-O d5 11. e5 Bxc3 12. bxc3 Nd7 13. a4 b4 14. c4 dxc4 15.
Bxc4 Bb7 16. Bd3 Ne7 17. a5 h5 18. Qe2 g6 19. Rf2 Nd5 20. Bd4 Nc3 21. Qe1 Rc8
22. Nd2 Nc5 23. Nc4 O-O 24. Bxc3 bxc3 25. Nd6 Nxd3 26. cxd3 Rb8 27. Rc2 Qc5+
28. Qf2 Qb4 29. Qe3 Qb3 30. Qc1 Qd5 31. Qe3 Bc6 32. Ne4 Kg7 33. Rxc3 Rb3 34.
Rac1 Rxc3 35. Rxc3 Rb8 36. Qc5 Qxc5+ 37. Rxc5 Rb1+ 38. Kf2 Bb5 39. Nd6 Bxd3 40.
Rc7 Ra1 41. Rxf7+ Kg8 42. Rf6 Rxa5 43. Rxe6 Rc5 44. Re8+ Kg7 45. Re7+ Kg8 46.
Ra7 Rd5 47. Ne8 Rd8 48. Nf6+ Kf8 49. e6 1-0

[Event "Tournament: Chelmsford Open"]
[Site "?"]
[Date "1973.09.28"]
[Round "?"]
[White "Wright, D."]
[Black "Stebbings, A."]
[Result "1/2-1/2"]
[WhiteElo "2352"]
[BlackElo "2184"]
[PlyCount "96"]
[EventDate "1973.??.??"]

1. e4 c5 2. Nf3 e6 3. d4 cxd4 4. Nxd4 a6 5. Nc3 Nc6 6. g3 Nxd4 7. Qxd4 Ne7 8.
Be3 b5 9. Bg2 Nc6 10. Qb6 Qxb6 11. Bxb6 d6 12. O-O-O Bb7 13. Bc7 Kd7 14. Bxd6
Bxd6 15. e5 Kc7 16. exd6+ Kb6 17. f4 Rhd8 18. Rd2 Na5 19. Bxb7 Nxb7 20. d7 Nc5
21. b4 Nxd7 22. Rhd1 Kc7 23. a4 bxa4 24. Nxa4 Rac8 25. Rxd7+ Rxd7 26. Rxd7+
Kxd7 27. Nb6+ Kc7 28. Nxc8 Kxc8 29. c4 Kc7 30. Kc2 Kc6 31. Kb3 f6 32. Ka4 Kb6
33. c5+ Ka7 34. Ka5 e5 35. fxe5 fxe5 36. Ka4 Kb7 37. Kb3 Kc6 38. Kc4 g6 39. h4
h5 40. Kd3 Kd5 41. Ke3 e4 42. Kf4 Kd4 43. c6 e3 44. Kf3 Kd3 45. c7 e2 46. c8=Q
e1=Q 47. Qxa6+ Kc3 48. Qc6+ Kb3 1/2-1/2

[Event "Tournament: Chelmsford Open"]
[Site "?"]
[Date "1973.09.29"]
[Round "?"]
[White "Stebbings, A."]
[Black "Velker, W."]
[Result "1/2-1/2"]
[WhiteElo "2184"]
[BlackElo "2040"]
[PlyCount "32"]
[EventDate "1973.??.??"]

1. e4 d6 2. d4 e5 3. Nf3 Nd7 4. Bc4 c6 5. a4 Be7 6. Nc3 Ngf6 7. O-O O-O 8. Re1
Qc7 9. h3 b6 10. b3 a6 11. Bf1 Bb7 12. Ba3 Rfe8 13. Qd2 Nf8 14. Rad1 Ng6 15.
dxe5 dxe5 16. Bxe7 Qxe7 1/2-1/2

[Event "Tournament: Chelmsford Open"]
[Site "?"]
[Date "1973.09.29"]
[Round "?"]
[White "Rawcliffe, P."]
[Black "Stebbings, A."]
[Result "0-1"]
[WhiteElo "1944"]
[BlackElo "2184"]
[PlyCount "46"]
[EventDate "1973.??.??"]

1. e4 c5 2. Nf3 e6 3. d4 cxd4 4. Nxd4 a6 5. c4 Nf6 6. Nc3 Bb4 7. Qc2 Nc6 8.
Nxc6 dxc6 9. Be2 e5 10. Bd2 O-O 11. O-O Be6 12. a3 Bxc3 13. Bxc3 Nd7 14. Rad1
Qc7 15. b4 c5 16. Bb2 Rac8 17. Rd2 f6 18. Rfd1 Rfd8 19. Rd6 Kf7 20. Qd2 Ke7 21.
b5 axb5 22. cxb5 Bb3 23. Rc1 Qxd6 0-1

[Event "Tournament: Chelmsford Open"]
[Site "?"]
[Date "1973.09.29"]
[Round "?"]
[White "Stebbings, A."]
[Black "Byway, P."]
[Result "1-0"]
[WhiteElo "2184"]
[BlackElo "2200"]
[PlyCount "96"]
[EventDate "1973.??.??"]

1. e4 e5 2. Nf3 Nf6 3. Nc3 Bb4 4. Nxe5 O-O 5. Be2 Re8 6. Nd3 Bxc3 7. dxc3 Nxe4
8. O-O d5 9. Be3 Bf5 10. Nf4 c6 11. c4 dxc4 12. Qxd8 Rxd8 13. Bxc4 Nd7 14. Rad1
Ne5 15. Be2 Nd6 16. Nd3 Nec4 17. Bc1 Nb5 18. Nc5 Rxd1 19. Rxd1 Bxc2 20. Rd7
Ncd6 21. Nxb7 Nd4 22. Bf1 Nxb7 23. Rxb7 h6 24. Bc4 Ne6 25. Rd7 Bf5 26. Be3 c5
27. f3 h5 28. Kf2 Kf8 29. Rd5 g6 30. Bxc5+ Nxc5 31. Rxc5 Rb8 32. b3 Rd8 33. Ke2
Re8+ 34. Kd2 Rd8+ 35. Rd5 Rc8 36. Kc3 Ke7 37. b4 Kf6 38. a4 Re8 39. a5 Re1 40.
Rd2 h4 41. h3 Rb1 42. b5 Ke5 43. Rb2 Rxb2 44. Kxb2 Kd4 45. Bxf7 Kc5 46. Be8 g5
47. Kc3 Bc8 48. a6 Bf5 1-0

[Event "Tournament: Chelmsford Open"]
[Site "?"]
[Date "1973.09.30"]
[Round "?"]
[White "Bohm, H."]
[Black "Stebbings, A."]
[Result "1-0"]
[WhiteElo "2264"]
[BlackElo "2184"]
[PlyCount "96"]
[EventDate "1973.??.??"]

1. e4 c5 2. Nf3 e6 3. c4 Nc6 4. Nc3 Nf6 5. Be2 d5 6. cxd5 exd5 7. exd5 Nxd5 8.
O-O Be7 9. d4 Nxc3 10. bxc3 cxd4 11. cxd4 Be6 12. Rb1 Qd7 13. Bb5 Bxa2 14. Ne5
Qc8 15. Qa4 Bxb1 16. Nxc6 bxc6 17. Bxc6+ Kf8 18. Ba3 Rb8 19. Bxe7+ Kxe7 20.
Qa3+ Kf6 21. d5 Qc7 22. Re1 Bf5 23. h4 h5 24. Qe3 Kg6 25. Qg5+ Kh7 26. Qxf5+ g6
27. Qf6 Rhd8 28. g3 Rd6 29. Qg5 Rxc6 30. Re7 Rc1+ 31. Kg2 Qxe7 32. Qxe7 Kg8 33.
d6 Rcc8 34. Qxa7 Rf8 35. Kf3 Rbd8 36. d7 f6 37. Qc7 Kf7 38. Qd6 Ra8 39. Ke4
Ra4+ 40. Kd3 Raa8 41. Kc4 Rfd8 42. Qd5+ Ke7 43. Qe4+ Kf7 44. Kb5 Ra7 45. Qd5+
Kg7 46. Kc6 Raxd7 47. Qxd7+ Rxd7 48. Kxd7 Kf7 1-0

[Event "Tournament: Chelmsford Open"]
[Site "?"]
[Date "1973.09.30"]
[Round "?"]
[White "Stebbings, A."]
[Black "Waterman, H."]
[Result "1/2-1/2"]
[WhiteElo "2184"]
[BlackElo "1944"]
[PlyCount "45"]
[EventDate "1973.??.??"]

1. e4 d6 2. d4 Nf6 3. Nc3 g6 4. f4 Bg7 5. Nf3 O-O 6. Be2 c5 7. dxc5 Qa5 8. O-O
Qxc5+ 9. Kh1 Nbd7 10. Qe1 a6 11. Bd3 b5 12. a3 Bb7 13. e5 dxe5 14. fxe5 Ng4 15.
e6 Nde5 16. Nxe5 Bxe5 17. h3 Bxc3 18. bxc3 Qh5 19. Kg1 Nf6 20. exf7+ Rxf7 21.
c4 bxc4 22. Be2 Qc5+ 23. Kh1 1/2-1/2

[Event "London league"]
[Site "?"]
[Date "1973.10.03"]
[Round "?"]
[White "Stebbings, A."]
[Black "Timson, P."]
[Result "0-1"]
[WhiteElo "2184"]
[BlackElo "2256"]
[PlyCount "96"]
[EventDate "1973.??.??"]

1. e4 g6 2. d4 Bg7 3. f4 d6 4. Bc4 Nf6 5. Nc3 O-O 6. e5 Nfd7 7. e6 Nb6 8. exf7+
Kh8 9. Bb3 Nc6 10. Be3 d5 11. h4 Rxf7 12. Ne4 Qf8 13. Ng5 Rxf4 14. Bxf4 Qxf4
15. Ne2 Qe3 16. c3 e5 17. Nf7+ Kg8 18. Nxe5 Nxe5 19. dxe5 Bg4 20. Bxd5+ Nxd5
21. Qxd5+ Kh8 22. Qd2 Qxe5 23. Rf1 Re8 24. Rf2 Bf6 25. O-O-O Bxh4 26. g3 Bg5
27. Nf4 Bxd1 28. Qxd1 Qe3+ 29. Qd2 Qxd2+ 30. Rxd2 Rf8 31. Rd4 Kg7 32. Kd1 Bxf4
33. gxf4 Rf7 34. Ke2 h5 35. Ke3 Kh6 36. Rd5 h4 37. Kf3 Rf5 38. Rd7 g5 39. Rxc7
Rxf4+ 40. Kg2 Kh5 41. Rxb7 Kg4 42. Re7 h3+ 43. Kg1 Kg3 44. Re3+ Rf3 45. Re1 g4
46. Re2 Rd3 47. Re1 h2+ 48. Kh1 Kh3 0-1

[Event "County match"]
[Site "?"]
[Date "1973.10.06"]
[Round "?"]
[White "Cannon, L."]
[Black "Stebbings, A."]
[Result "0-1"]
[WhiteElo "2080"]
[BlackElo "2184"]
[PlyCount "54"]
[EventDate "1973.??.??"]

1. e4 c5 2. Nc3 Nc6 3. f4 g6 4. Nf3 Bg7 5. Bb5 Nd4 6. Nxd4 cxd4 7. Ne2 Nf6 8.
e5 Nd5 9. c3 a6 10. Bd3 dxc3 11. bxc3 d6 12. exd6 Qxd6 13. Bb1 Bg4 14. O-O Nxc3
15. dxc3 Qxd1 16. Rxd1 Bxe2 17. Re1 Bxc3 18. Rxe2 Bxa1 19. Ba3 O-O-O 20. Bc2 e6
21. g3 Bc3 22. Bb3 Kb8 23. Kf1 Rd2 24. Re3 Rc8 25. h4 Bb2 26. Ke1 Bxa3 27. Kxd2
Bc1+ 0-1

[Event "Tournament: BCF ch. qualifier"]
[Site "?"]
[Date "1973.10.18"]
[Round "?"]
[White "Stebbings, A."]
[Black "Stirling, W."]
[Result "0-1"]
[WhiteElo "2184"]
[BlackElo "2048"]
[PlyCount "58"]
[EventDate "1973.??.??"]

1. e4 c5 2. Nf3 d6 3. d4 cxd4 4. Nxd4 Nf6 5. Nc3 a6 6. Be3 e5 7. Nb3 Qc7 8. Qd2
b5 9. Nd5 Nxd5 10. exd5 f5 11. f4 Be7 12. a4 O-O 13. axb5 exf4 14. Bxf4 Bf6 15.
c4 Re8+ 16. Kf2 Bb7 17. c5 axb5 18. Bxd6 Qf7 19. Bxb5 Re4 20. Rxa8 Bxa8 21. Rd1
Nd7 22. Bc6 Bxc6 23. dxc6 Qxb3 24. cxd7 Qa4 25. Qd5+ Kh8 26. Be5 Bd8 27. b3 Qa6
28. Rd2 Qh6 29. Qd6 Qe3+ 0-1

[Event "Essex league"]
[Site "?"]
[Date "1973.10.22"]
[Round "?"]
[White "Smith, IB."]
[Black "Stebbings, A."]
[Result "0-1"]
[WhiteElo "2072"]
[BlackElo "2184"]
[PlyCount "64"]
[EventDate "1973.??.??"]

1. e4 c5 2. d4 cxd4 3. c3 dxc3 4. Nxc3 Nc6 5. Nf3 d6 6. Bc4 e6 7. O-O Nge7 8.
Bg5 a6 9. Qe2 h6 10. Be3 Ng6 11. Rad1 Be7 12. Nd4 Nge5 13. Bb3 O-O 14. f4 Nxd4
15. Bxd4 Nc6 16. Be3 Qc7 17. f5 Ne5 18. f6 Bxf6 19. Rxf6 gxf6 20. Bxh6 Rd8 21.
Rd3 Ng6 22. Rg3 Kh7 23. Be3 Kg7 24. h4 d5 25. Qf2 d4 26. h5 dxe3 27. Qxe3 Rh8
28. hxg6 fxg6 29. Ne2 e5 30. Nc3 b5 31. Kf1 Rh1+ 32. Ke2 Bb7 0-1

[Event "London league"]
[Site "?"]
[Date "1973.10.24"]
[Round "?"]
[White "Singleton, M."]
[Black "Stebbings, A."]
[Result "1/2-1/2"]
[WhiteElo "2112"]
[BlackElo "2184"]
[PlyCount "55"]
[EventDate "1973.??.??"]

1. d4 Nf6 2. c4 g6 3. Nc3 d5 4. f3 Bg7 5. e4 dxe4 6. fxe4 e5 7. d5 c5 8. Be2
O-O 9. Bg5 h6 10. Bh4 Qd7 11. Nf3 Ne8 12. Bg3 Qe7 13. O-O Nd6 14. Qc2 Nd7 15.
b3 b6 16. h3 f5 17. Bf2 a5 18. a4 f4 19. Nh4 Kh7 20. Bg4 Bf6 21. Nf3 h5 22. Be6
Rh8 23. Nb5 Nf8 24. Bxc8 Rxc8 25. Nxd6 Qxd6 26. Bh4 Bxh4 27. Nxh4 Nd7 28. Rae1
1/2-1/2

[Event "Tournament: Southampton Open"]
[Site "?"]
[Date "1973.10.26"]
[Round "?"]
[White "Stebbings, A."]
[Black "Crossin, A."]
[Result "1-0"]
[WhiteElo "2184"]
[BlackElo "1784"]
[PlyCount "53"]
[EventDate "1973.??.??"]

1. e4 c5 2. Nf3 Nc6 3. d4 cxd4 4. Nxd4 Nf6 5. Nc3 d6 6. Be3 g6 7. Be2 Bg7 8.
Nb3 O-O 9. f4 Qc7 10. g4 Be6 11. g5 Nd7 12. Qd2 Nb6 13. O-O-O Bxb3 14. axb3
Rfc8 15. Bg4 Nb4 16. Bxc8 Rxc8 17. Kb1 Nd7 18. Nd5 Nxd5 19. exd5 b5 20. Rc1 a5
21. Bd4 Nc5 22. Bxg7 Kxg7 23. Qd4+ Kg8 24. h4 Qd7 25. h5 Qf5 26. hxg6 fxg6 27.
Rxh7 1-0

[Event "Tournament: Southampton Open"]
[Site "?"]
[Date "1973.10.27"]
[Round "?"]
[White "Myall, I."]
[Black "Stebbings, A."]
[Result "0-1"]
[WhiteElo "1928"]
[BlackElo "2184"]
[PlyCount "108"]
[EventDate "1973.??.??"]

1. e4 c5 2. Nc3 Nc6 3. d3 g6 4. g3 Bg7 5. Nce2 d5 6. Bg2 Nf6 7. exd5 Nxd5 8.
Nh3 O-O 9. O-O Bg4 10. f3 Bf5 11. g4 Bd7 12. c3 e5 13. Qb3 Nb6 14. Be3 Be6 15.
Qc2 c4 16. Rfd1 Qe7 17. Ng3 cxd3 18. Rxd3 Bc4 19. Rdd1 Nd5 20. Qf2 Nxe3 21.
Qxe3 Rad8 22. b3 Be6 23. Ne4 f5 24. gxf5 gxf5 25. Nc5 Bc8 26. b4 b6 27. Nb3
Rxd1+ 28. Rxd1 Rd8 29. Rd2 Rxd2 30. Qxd2 Qd7 31. Qe2 Ne7 32. c4 Nc6 33. b5 Nd4
34. Qf2 Nxb3 35. axb3 Qd1+ 36. Bf1 Qxb3 37. Qd2 Qa3 38. Qd5+ Kh8 39. Kh1 Qe7
40. Qa8 Qb7 41. Qxb7 Bxb7 42. Be2 Bh6 43. Kg2 Be3 44. Kg3 Kg7 45. f4 Kf6 46.
fxe5+ Kxe5 47. Kh4 Kd4 48. Kg3 Be4 49. Nf4 Bxf4+ 50. Kxf4 Bd3 51. Bxd3 Kxd3 52.
Kxf5 Kxc4 53. h4 Kxb5 54. Kf6 a5 0-1

[Event "Tournament: Southampton Open"]
[Site "?"]
[Date "1973.10.27"]
[Round "?"]
[White "Stebbings, A."]
[Black "Lambert, G."]
[Result "0-1"]
[WhiteElo "2184"]
[BlackElo "2008"]
[PlyCount "54"]
[EventDate "1973.??.??"]

1. e4 d6 2. d4 Nf6 3. Nc3 g6 4. f4 Bg7 5. Bc4 c5 6. d5 Qa5 7. Bd2 O-O 8. Nf3 b5
9. Nxb5 Qb6 10. Nc3 Ba6 11. Bxa6 Nxa6 12. Rb1 c4 13. a3 e6 14. dxe6 Rae8 15.
Qe2 Rxe6 16. Be3 Qb7 17. Nd4 Nxe4 18. Ncb5 Bxd4 19. Nxd4 Nc3 20. Qf2 Nxb1 21.
Nxe6 fxe6 22. O-O Qxb2 23. Bd4 Nc3 24. Re1 e5 25. Qe3 Ne2+ 26. Qxe2 Qxd4+ 27.
Kh1 Rxf4 0-1

[Event "Tournament: Southampton Open"]
[Site "?"]
[Date "1973.10.27"]
[Round "?"]
[White "Humphries, P."]
[Black "Stebbings, A."]
[Result "1/2-1/2"]
[WhiteElo "1896"]
[BlackElo "2184"]
[PlyCount "45"]
[EventDate "1973.??.??"]

1. c4 Nf6 2. g3 e6 3. Bg2 d5 4. d4 c6 5. Nf3 Nbd7 6. O-O Bd6 7. b3 O-O 8. Bb2
b5 9. Nbd2 a5 10. cxb5 cxb5 11. Ne5 Bb7 12. Rc1 Qb6 13. Ndf3 h6 14. Nxd7 Nxd7
15. Ne5 Nf6 16. h4 a4 17. g4 Bxe5 18. dxe5 Nxg4 19. Bd4 Qd8 20. f3 Nxe5 21.
Bxe5 Qxh4 22. Qd4 Qxd4+ 23. Bxd4 1/2-1/2

[Event "Tournament: Southampton Open"]
[Site "?"]
[Date "1973.10.28"]
[Round "?"]
[White "Davies, P."]
[Black "Stebbings, A."]
[Result "1/2-1/2"]
[WhiteElo "1912"]
[BlackElo "2184"]
[PlyCount "49"]
[EventDate "1973.??.??"]

1. e4 c5 2. Nf3 e6 3. d4 cxd4 4. Nxd4 a6 5. Bd3 Nc6 6. Nxc6 dxc6 7. Be3 e5 8.
Nd2 Nf6 9. h3 Be6 10. a4 Nd7 11. O-O Bc5 12. Qe2 O-O 13. Nc4 Bxe3 14. Qxe3 b5
15. axb5 cxb5 16. Nd2 Qc7 17. c3 Rfd8 18. Rfd1 Nc5 19. Bc2 Rd6 20. Nf3 Nb3 21.
Rab1 f6 22. Rxd6 Qxd6 23. Rd1 Qc7 24. Qd3 Kf7 25. Bxb3 1/2-1/2

[Event "National Club ch."]
[Site "?"]
[Date "1973.11.04"]
[Round "?"]
[White "Taylor, PF."]
[Black "Stebbings, A."]
[Result "0-1"]
[WhiteElo "2176"]
[BlackElo "2184"]
[PlyCount "60"]
[EventDate "1973.??.??"]

1. d4 Nf6 2. c4 g6 3. Nc3 d5 4. f3 Bg7 5. e4 dxe4 6. fxe4 e5 7. d5 c5 8. Bg5 h6
9. Bh4 O-O 10. Bd3 Qc7 11. Nge2 Ne8 12. O-O Nd6 13. Bf6 Bxf6 14. Rxf6 Qe7 15.
Qf1 Na6 16. a3 Kg7 17. Rf2 Bd7 18. Ng3 Rae8 19. Qe2 h5 20. Raf1 h4 21. Nf5+
gxf5 22. exf5 Qf6 23. g4 Rg8 24. g5 Kf8 25. g6 Ke7 26. b4 Kd8 27. Qe3 Bxf5 28.
Kh1 Qxg6 29. Bxf5 Nxf5 30. Qh3 Ng3+ 0-1

[Event "Tournament: BCF ch. qualifier"]
[Site "?"]
[Date "1973.11.11"]
[Round "?"]
[White "Ripp, J."]
[Black "Stebbings, A."]
[Result "1-0"]
[WhiteElo "2024"]
[BlackElo "2184"]
[PlyCount "119"]
[EventDate "1973.??.??"]

1. e4 c5 2. Nf3 e6 3. d4 cxd4 4. Nxd4 Nc6 5. g3 d5 6. Bg2 Qa5+ 7. Bd2 Qb6 8.
Nb3 dxe4 9. Bxe4 Nf6 10. Bg2 Be7 11. O-O O-O 12. Nc3 Rd8 13. Qe2 Bd7 14. Rad1
Be8 15. Be3 Qc7 16. Nb5 Qe5 17. Nc3 Rxd1 18. Rxd1 Rd8 19. Rxd8 Bxd8 20. Bxc6
Bxc6 21. Bxa7 Qc7 22. Bd4 b6 23. Be5 Qc8 24. Nd4 Ba8 25. Ncb5 Qb7 26. f3 Nd7
27. Bf4 Qd5 28. c4 Qh5 29. Bd6 Bf6 30. b4 h6 31. f4 Qh3 32. c5 bxc5 33. bxc5 e5
34. fxe5 Nxe5 35. Bxe5 Bxe5 36. c6 Bxg3 37. Qg2 Qxg2+ 38. Kxg2 Be5 39. Kf3 Bxd4
40. Nxd4 Kf8 41. Ke4 Ke7 42. Kd5 g6 43. a4 f5 44. a5 f4 45. Nf3 g5 46. h3 Kd8
47. Kd6 Kc8 48. Ne5 h5 49. Nd7 Bb7 50. Nb6+ Kb8 51. Nd7+ Ka7 52. cxb7 Kxb7 53.
Nc5+ Ka7 54. Ne4 g4 55. h4 Ka6 56. Ke5 f3 57. Ng3 f2 58. Kf4 Kxa5 59. Ke3 Kb5
60. Kxf2 1-0

[Event "Essex league"]
[Site "?"]
[Date "1973.11.12"]
[Round "?"]
[White "Cannan, D."]
[Black "Stebbings, A."]
[Result "0-1"]
[WhiteElo "1856"]
[BlackElo "2184"]
[PlyCount "72"]
[EventDate "1973.??.??"]

1. e4 c5 2. d4 cxd4 3. c3 dxc3 4. Nxc3 Nc6 5. Nf3 d6 6. Bc4 e6 7. O-O Nge7 8.
Bg5 a6 9. Qe2 h6 10. Be3 Ng6 11. Rfd1 Be7 12. Rac1 O-O 13. a3 b5 14. Ba2 Bd7
15. Nd4 Nge5 16. f4 Nxd4 17. Bxd4 Nc6 18. Be3 Rc8 19. b4 Re8 20. Qh5 Bf8 21.
Bb1 Qc7 22. Bf2 Qb8 23. Rd3 g6 24. Qf3 a5 25. bxa5 Nxa5 26. Ba2 Nc4 27. Ne2 Qa8
28. Bxc4 Rxc4 29. Rxc4 bxc4 30. Rc3 Rc8 31. Bd4 Bc6 32. Ng3 d5 33. exd5 Bxd5
34. Qe2 Bd6 35. Be5 Bxa3 36. Qg4 Bc5+ 0-1

[Event "National Club ch."]
[Site "?"]
[Date "1973.11.24"]
[Round "?"]
[White "Browning, M."]
[Black "Stebbings, A."]
[Result "0-1"]
[WhiteElo "1640"]
[BlackElo "2184"]
[PlyCount "54"]
[EventDate "1973.??.??"]

1. e4 c5 2. Nf3 e6 3. d4 cxd4 4. Nxd4 Nc6 5. Be3 Nf6 6. Nd2 a6 7. f4 Qc7 8. g3
d6 9. c3 Bd7 10. Bd3 b5 11. Qe2 Be7 12. a3 O-O 13. h3 e5 14. fxe5 Nxe5 15. N4f3
Bc6 16. Bd4 Nxd3+ 17. Qxd3 Qb7 18. Bxf6 Bxf6 19. O-O-O a5 20. b3 b4 21. cxb4
axb4 22. a4 Rfc8 23. Kb1 Bb5 24. Qd5 Qxd5 25. exd5 Bd3+ 26. Ka2 Rc2+ 27. Kb1
Rb2+ 0-1